Auditoría: Un Enfoque Integral

Bibliographic Details
Main Author: Arens, Alvin A.
Format: Section = Libro
Language:Undetermined
Spanish
Published: México Prentice Hall 1996
Edition:6a.ed.
Subjects:
LEADER 00555nam a2200217Ia 4500
008 240829s9999 xx 000 0 und d
020 |a 968-880-702-8 
040 |a BIBLIOTECA-RUPAP 657.45 A681 
041 |a spa 
082 |a 657.45 A681 
100 1 |a Arens, Alvin A. 
245 1 0 |a Auditoría: Un Enfoque Integral 
250 |a 6a.ed. 
260 |a México  |b Prentice Hall  |c 1996 
300 |a 918 p. :il. 
650 7 |a AUDITORIA 
650 7 |b  CONTRALORIA DE EMPRESAS 
650 7 |c  CONTABILIDAD. I. Tít. 
942 |c BK  |2 ddc 
991 |a TEXTO 
999 |c 9922